| 000 | 00452nam a22001697a 4500 | ||
|---|---|---|---|
| 003 | NUST - PNEC | ||
| 005 | 20170116181056.0 | ||
| 008 | 151001b xxu||||| |||| 00| 0 eng d | ||
| 020 | _a0194513572 | ||
| 040 | _cLIBRARY | ||
| 082 | _a428 OXF | ||
| 100 |
_912085 _aOxford University Press |
||
| 245 |
_aReading and thinking in English. _cOxford University Press |
||
| 260 | _cc1980 | ||
| 650 |
_912086 _aEnglish language- _xGerneral |
||
| 942 |
_2ddc _cBK |
||
| 999 |
_c68570 _d68570 |
||